| 000 | 00501nam a22001937a 4500 | ||
|---|---|---|---|
| 003 | OSt | ||
| 005 | 20240502133337.0 | ||
| 008 | 240502b |||||||| |||| 00| 0 eng d | ||
| 020 | _a0521318459 | ||
| 040 | _cDDC | ||
| 082 | _a530.12 HEY 1987 | ||
| 100 | _4Walters Patrick, Hey Tony. | ||
| 245 | _aThe quantum Universe | ||
| 260 |
_aUK, _bCambridge University, _c1987. |
||
| 300 |
_aiv;180p, _bill, _c25.9cm. |
||
| 504 | _aAppendixes,Glossary,Index. | ||
| 650 |
_aPhysics _9809 |
||
| 942 |
_2ddc _cO_SHELF |
||
| 999 |
_c8323 _d8323 |
||